00662 2200193 4500001002100000005001500021035002000036008004100056245014300097100002100240260004000261300001900301020002200320084002000342082001000362650007000372250000600442990002000448INLIS00000000000786320260418121918 a0010-0426000051260418 0 ind 1 aPenyakit Pascapanen :bPengantar Ilmu Penyakit Pascapanen Secara Menyeluruh; Sejak Prapanen, Saat Panen, Dan Pascapanen /cLoekas Soesanto aSoesanto, Loekas aYogyakarta :bLily Publisher,c2020 a386 ;c25 x 19 a978-623-7267-39-3 a632.3 SOE P C.1 a632.3 4aPenyakit pada Tanaman Pertanian, Penyakit pada Tumbuhan Pertanian aI a260311300011195